MARC details
| 000 -LEADER |
| fixed length control field |
03305cam a22004574a 4500 |
| 001 - CONTROL NUMBER |
| control field |
14497303 |
| 005 - DATE AND TIME OF LATEST TRANSACTION |
| control field |
20080815093403.0 |
| 007 - PHYSICAL DESCRIPTION FIXED FIELD--GENERAL INFORMATION |
| fixed length control field |
co ugu|||||||| |
| 008 - FIXED-LENGTH DATA ELEMENTS--GENERAL INFORMATION |
| fixed length control field |
060810s2008 paua b 001 0 eng |
| 010 ## - LIBRARY OF CONGRESS CONTROL NUMBER |
| LC control number |
2006026472 |
| 016 7# - NATIONAL BIBLIOGRAPHIC AGENCY CONTROL NUMBER |
| Record control number |
101284835 |
| Source |
DNLM |
| 020 ## - INTERNATIONAL STANDARD BOOK NUMBER |
| International Standard Book Number |
0781781574 (alk. paper) |
| 020 ## - INTERNATIONAL STANDARD BOOK NUMBER |
| International Standard Book Number |
9780781781572 (alk. paper) |
| 020 ## - INTERNATIONAL STANDARD BOOK NUMBER |
| International Standard Book Number |
9780781776028 (CD) |
| 020 ## - INTERNATIONAL STANDARD BOOK NUMBER |
| International Standard Book Number |
0781776023 (CD) |
| 035 ## - SYSTEM CONTROL NUMBER |
| System control number |
(OCoLC)ocm70929244 |
| 035 ## - SYSTEM CONTROL NUMBER |
| System control number |
(OCoLC)70929244 |
| Canceled/invalid control number |
(OCoLC)84725224 |
| 040 ## - CATALOGING SOURCE |
| Original cataloging agency |
DNLM/DLC |
| Transcribing agency |
DLC |
| Modifying agency |
NLM |
| -- |
BAKER |
| -- |
C#P |
| -- |
YDXCP |
| -- |
YDX |
| -- |
OCLCQ |
| -- |
BTCTA |
| -- |
VAM |
| -- |
DLC |
| 042 ## - AUTHENTICATION CODE |
| Authentication code |
pcc |
| 050 00 - LIBRARY OF CONGRESS CALL NUMBER |
| Classification number |
RT41 |
| Item number |
.T396 2008 |
| 060 00 - NATIONAL LIBRARY OF MEDICINE CALL NUMBER |
| Classification number |
2007 B-377 |
| 060 10 - NATIONAL LIBRARY OF MEDICINE CALL NUMBER |
| Classification number |
WY 100 |
| Item number |
F9805 2008 |
| 082 00 - DEWEY DECIMAL CLASSIFICATION NUMBER |
| Classification number |
610.73 |
| Edition number |
22 |
| Item number |
FUN |
| 245 00 - TITLE STATEMENT |
| Title |
Fundamentals of Nursing : |
| Remainder of title |
The Art and Science of Nursing Care / |
| Statement of responsibility, etc |
Carol R. Taylor ... [et al.]. |
| 250 ## - EDITION STATEMENT |
| Edition statement |
6th ed. |
| 260 ## - PUBLICATION, DISTRIBUTION, ETC. (IMPRINT) |
| Place of publication, distribution, etc |
Philadelphia : |
| Name of publisher, distributor, etc |
Lippincott Williams & Wilkins, |
| Date of publication, distribution, etc |
c2008. |
| 300 ## - PHYSICAL DESCRIPTION |
| Extent |
1 v. (various pagings) : |
| Other physical details |
col. ill. ; |
| Dimensions |
29 cm. + |
| Accompanying material |
1 CD-ROM (4 3/4 in.) |
| 500 ## - GENERAL NOTE |
| General note |
Rev. ed. of: Fundamentals of nursing / Carol Taylor, Carol Lillis, Priscilla LeMone. 5th ed. c2005. |
| 504 ## - BIBLIOGRAPHY, ETC. NOTE |
| Bibliography, etc |
Includes bibliographical references and index. |
| 505 0# - FORMATTED CONTENTS NOTE |
| Formatted contents note |
Introduction to nursing -- Health of the individual, family, and community -- Cultural diversity -- Health illness -- Theory, research, and evidence-based practice -- Values, ethics, and advocacy -- Legal implications of nursing -- Healthcare delivery systems -- Continuity of care -- Home healthcare -- Blended skills and critical thinking throughout the nursing process -- Assessing -- Diagnosing -- Outcome identification and planning -- Implementing -- Evaluating -- Documenting, reporting, and conferring -- Developmental concepts -- Conception through young adult -- The aging adult -- Communicator -- Teacher and counselor -- Leader and manager -- Vital signs -- Health assessment -- Safety, security, and emergency preparedness -- Asepsis and infection control -- Complementary and alternative therapies -- Medications -- Perioperative nursing -- Self-concept -- Stress and adaptation -- Loss, grief, and dying -- Sensory stimulation -- Sexuality -- Spirituality -- Hygiene -- Skin integrity and wound care -- Activity -- Rest and sleep -- Comfort -- Nutrition -- Urinary elimination -- Bowel Elimination -- Oxygenation -- Fluid, electrolyte, and acid-base balance. |
| 650 #0 - SUBJECT ADDED ENTRY--TOPICAL TERM |
| Topical term or geographic name as entry element |
Nursing. |
| 9 (RLIN) |
20476 |
| 650 12 - SUBJECT ADDED ENTRY--TOPICAL TERM |
| Topical term or geographic name as entry element |
Nursing Care. |
| 9 (RLIN) |
20477 |
| 650 22 - SUBJECT ADDED ENTRY--TOPICAL TERM |
| Topical term or geographic name as entry element |
Nursing Process. |
| 9 (RLIN) |
20478 |
| 700 1# - ADDED ENTRY--PERSONAL NAME |
| Personal name |
Taylor, Carol, |
| Titles and other words associated with a name |
CSFN. |
| 9 (RLIN) |
20479 |
| 856 41 - ELECTRONIC LOCATION AND ACCESS |
| Materials specified |
Table of contents only |
| Uniform Resource Identifier |
<a href="http://www.loc.gov/catdir/toc/ecip0619/2006026472.html">http://www.loc.gov/catdir/toc/ecip0619/2006026472.html</a> |
| 856 42 - ELECTRONIC LOCATION AND ACCESS |
| Materials specified |
Publisher description |
| Uniform Resource Identifier |
<a href="http://www.loc.gov/catdir/enhancements/fy0714/2006026472-d.html">http://www.loc.gov/catdir/enhancements/fy0714/2006026472-d.html</a> |
| 942 ## - ADDED ENTRY ELEMENTS (KOHA) |
| Source of classification or shelving scheme |
Dewey Decimal Classification |
| Item type |
|